[Event "Maastricht Limburg op-B 8th"]
[Site "Maastricht"]
[Date "2014.06.06"]
[Round "1"]
[White "Gunther, Marcella"]
[Black "Orbons, Richard"]
[Result "1-0"]
[WhiteElo "1922"]
[BlackElo "1758"]
[PlyCount "57"]
[EventDate "2014.06.06"]
[EventType "swiss"]
[EventRounds "7"]
[EventCountry "NED"]
[SourceTitle "EXT 2015"]
[Source "ChessBase"]
[SourceDate "2014.11.20"]
[SourceVersion "1"]
[SourceVersionDate "2014.11.20"]
[SourceQuality "1"]

1. d4 Nf6 2. c4 g6 3. Nc3 Bg7 4. Nf3 d6 5. e4 0-0 6. Be2 e5 7. d5 c6 8. 0-0 Nbd7 9. b4 c5 10. Ba3 cxb4 11. Bxb4 Qb6 12. Rb1 Nc5 13. Qc2 Ne8 14. Na4 Nxa4 15. Qxa4 Qd8 16. c5 f5 17. Bd3 Nf6 18. Nd2 Bh6 19. exf5 gxf5 20. cxd6 Ng4 21. h3 e4 22. Bb5 Nxf2 23. Rxf2 Be3 24. Nc4 Bxf2+ 25. Kxf2 Qh4+ 26. Kg1 f4 27. d7 Bxd7 28. Bxd7 Rf7 29. Be6 1-0

[Event "Vlissingen HZ op 17th"]
[Site "Vlissingen"]
[Date "2013.08.04"]
[Round "2"]
[White "Maatman, Nick"]
[Black "Gunther, Marcella"]
[Result "1-0"]
[WhiteElo "2207"]
[BlackElo "1949"]
[PlyCount "37"]
[EventDate "2013.08.03"]
[EventType "swiss"]
[EventRounds "9"]
[EventCountry "NED"]
[SourceTitle "CBM 155 Extra"]
[Source "ChessBase"]
[SourceDate "2013.08.26"]
[SourceVersion "1"]
[SourceVersionDate "2013.08.26"]
[SourceQuality "1"]

1. c4 c6 2. e4 d5 3. exd5 cxd5 4. cxd5 Qxd5 5. Nc3 Qa5 6. d4 e6 7. Nf3 Nf6 8. Bd3 Be7 9. 0-0 0-0 10. Re1 a6 11. Bc2 b5 12. Qd3 Bb7 13. Bg5 g6 14. Ne5 Rd8 15. Qh3 Nc6 16. Nxf7 Kxf7 17. Bxf6 Bxf6 18. Qxh7+ Bg7 19. Bxg6+ 1-0

[Event "NED-ch U21"]
[Site "Sneek"]
[Date "2013.05.01"]
[Round "5"]
[White "Ratsma, Rosa"]
[Black "Gunther, Marcella"]
[Result "1-0"]
[WhiteElo "1821"]
[BlackElo "1948"]
[PlyCount "75"]
[EventDate "2013.04.27"]
[EventType "swiss"]
[EventRounds "9"]
[EventCountry "NED"]
[SourceTitle "EXT 2014"]
[Source "ChessBase"]
[SourceDate "2013.11.20"]
[SourceVersion "1"]
[SourceVersionDate "2013.11.20"]
[SourceQuality "1"]

1. e4 c5 2. Nf3 d6 3. d4 cxd4 4. Nxd4 Nf6 5. Nc3 a6 6. f3 e5 7. Nb3 Be6 8. Be3 Nbd7 9. Qd2 b5 10. g4 Nb6 11. g5 Nh5 12. Na5 Rc8 13. a4 Nc4 14. Nxc4 bxc4 15. Nd5 Be7 16. Rg1 0-0 17. a5 Nf4 18. Bxf4 exf4 19. h4 Bxd5 20. exd5 Re8 21. Kf2 Rc5 22. Ra4 c3 23. bxc3 Rxa5 24. Rxf4 Qb6+ 25. Kg2 Bf8 26. Qd4 Qxd4 27. Rxd4 Rc8 28. c4 Ra2 29. Bd3 a5 30. Re4 g6 31. Rge1 a4 32. Re8 Rxe8 33. Rxe8 Kg7 34. Ra8 Ra1 35. f4 a3 36. f5 gxf5 37. Bxf5 a2 38. h5 1-0

[Event "Vlissingen HZ op 16th"]
[Site "Vlissingen"]
[Date "2012.08.05"]
[Round "2"]
[White "Gunther, Marcella"]
[Black "Hamblok, Roel"]
[Result "0-1"]
[WhiteElo "1956"]
[BlackElo "2239"]
[PlyCount "94"]
[EventDate "2012.08.04"]
[EventType "swiss"]
[EventRounds "9"]
[EventCountry "NED"]
[SourceTitle "CBM 149 Extra"]
[Source "ChessBase"]
[SourceDate "2012.08.24"]
[SourceVersion "1"]
[SourceVersionDate "2012.08.24"]
[SourceQuality "1"]

1. e4 c6 2. d4 d5 3. exd5 cxd5 4. c4 Nf6 5. Nc3 Nc6 6. Bg5 e6 7. Nf3 Be7 8. c5 0-0 9. Bb5 Ne4 10. Bxe7 Nxe7 11. 0-0 b6 12. Rc1 bxc5 13. dxc5 Rb8 14. Nxe4 Rxb5 15. Nd6 Rxb2 16. Qa4 Qc7 17. Qa3 Rb8 18. Nd4 Bd7 19. Rb1 h6 20. N4b5 Bxb5 21. Nxb5 Qd7 22. Qxa7 Rb7 23. Qa6 Rfb8 24. a4 Qc6 25. Qxc6 Nxc6 26. Rfc1 Kf8 27. Kf1 Ke7 28. Ra1 Ra8 29. Ke2 Ra5 30. Kd2 Rb8 31. Kc3 Ne5 32. Kb4 Ra6 33. Ra3 Nc6+ 34. Kb3 Nd4+ 35. Kb4 Nxb5 36. axb5 Rxa3 37. Kxa3 Rxb5 38. Ka4 Rb8 39. c6 Kd6 40. Rc3 d4 41. Rc4 e5 42. f3 Kc7 43. f4 f6 44. fxe5 fxe5 45. Rc5 d3 46. Rxe5 d2 47. Rd5 Rd8 0-1

[Event "Maastricht Limburg op-B 5th"]
[Site "Maastricht"]
[Date "2011.06.12"]
[Round "5"]
[White "Jansen, Michiel"]
[Black "Gunther, Marcella"]
[Result "1-0"]
[WhiteElo "1849"]
[BlackElo "1904"]
[PlyCount "93"]
[EventDate "2011.06.10"]
[EventType "swiss"]
[EventRounds "7"]
[EventCountry "NED"]
[SourceTitle "EXT 2012"]
[Source "ChessBase"]
[SourceDate "2011.11.24"]
[SourceVersion "1"]
[SourceVersionDate "2011.11.24"]
[SourceQuality "1"]

1. e4 c5 2. c3 Nf6 3. e5 Nd5 4. d4 cxd4 5. cxd4 e6 6. a3 d6 7. Nf3 Nc6 8. Bd3 Be7 9. 0-0 0-0 10. Qc2 g6 11. Nc3 Nxc3 12. bxc3 dxe5 13. dxe5 Qc7 14. Re1 b6 15. h4 Bb7 16. h5 Bc5 17. Bh6 Rfd8 18. hxg6 fxg6 19. Bxg6 hxg6 20. Qxg6+ Kh8 21. Qf6+ Kg8 22. Re4 Nxe5 23. Rxe5 Rd7 24. Bf4 Rg7 25. Rg5 Qf7 26. Rxg7+ Qxg7 27. Qxe6+ Qf7 28. Qg4+ Qg7 29. Qxg7+ Kxg7 30. Nd4 Rg8 31. f3 Kf6 32. Kf2 Rd8 33. Be3 Rh8 34. Nb5 Bxe3+ 35. Kxe3 a6 36. Nd6 Bd5 37. Kd4 Bc6 38. Ne4+ Kf5 39. Re1 Rd8+ 40. Ke3 Re8 41. Kf2 Bxe4 42. Rxe4 Rc8 43. c4 Rc5 44. Rd4 Ke6 45. g4 Ra5 46. Rd3 Ra4 47. Rc3 1-0

[Event "Maastricht Limburg op-B 5th"]
[Site "Maastricht"]
[Date "2011.06.11"]
[Round "3"]
[White "Staudte, Rainer"]
[Black "Gunther, Marcella"]
[Result "1/2-1/2"]
[WhiteElo "1955"]
[BlackElo "1904"]
[PlyCount "91"]
[EventDate "2011.06.10"]
[EventType "swiss"]
[EventRounds "7"]
[EventCountry "NED"]
[SourceTitle "EXT 2012"]
[Source "ChessBase"]
[SourceDate "2011.11.24"]
[SourceVersion "1"]
[SourceVersionDate "2011.11.24"]
[SourceQuality "1"]

1. d4 d5 2. c4 c6 3. Nf3 Nf6 4. Nc3 e6 5. Bg5 h6 6. Bh4 dxc4 7. a4 Bb4 8. e3 g5 9. Bg3 Nd5 10. Rc1 b5 11. Nd2 a6 12. Be2 Qa5 13. Qc2 Nd7 14. 0-0 N7b6 15. axb5 axb5 16. Nde4 Nxc3 17. bxc3 Be7 18. Nd6+ Bxd6 19. Bxd6 Nd5 20. Bf3 Qd8 21. Bc5 Bb7 22. Ra1 Ne7 23. Rxa8 Bxa8 24. Ra1 0-0 25. Ra7 Re8 26. Bh5 Kg7 27. e4 e5 28. g3 Ng6 29. Bxg6 Kxg6 30. d5 cxd5 31. exd5+ e4 32. d6 Bc6 33. Qe2 Qf6 34. Qe3 Qf3 35. Rc7 Qd1+ 36. Kg2 Qf3+ 37. Qxf3 exf3+ 38. Kf1 Be4 39. Re7 Rxe7 40. dxe7 Bc6 41. Ke1 Kf5 42. h3 h5 43. Kd2 Ke4 44. h4 f6 45. Be3 Kf5 46. Bd4 1/2-1/2

[Event "NED-ch U21 Girls"]
[Site "Haarlem"]
[Date "2011.05.07"]
[Round "8"]
[White "Gunther, Marcella"]
[Black "Gairabekova, Diana"]
[Result "1-0"]
[WhiteElo "1940"]
[BlackElo "1522"]
[PlyCount "55"]
[EventDate "2011.04.30"]
[EventType "tourn"]
[EventRounds "9"]
[EventCountry "NED"]
[SourceTitle "EXT 2012"]
[Source "ChessBase"]
[SourceDate "2011.11.24"]
[SourceVersion "1"]
[SourceVersionDate "2011.11.24"]
[SourceQuality "1"]

1. e4 e5 2. Nf3 Nc6 3. Bb5 Bc5 4. 0-0 Nge7 5. c3 Ng6 6. d4 Bb6 7. Be3 0-0 8. Nbd2 d6 9. h3 Nce7 10. Nc4 exd4 11. cxd4 f5 12. Nxb6 axb6 13. Qb3+ Kh8 14. Ng5 fxe4 15. Nf7+ Rxf7 16. Qxf7 Ra5 17. a4 c6 18. b4 Ra8 19. Be2 d5 20. Bg5 Bd7 21. f3 Qc7 22. Bxe7 Be8 23. Qe6 Bd7 24. Qd6 Qc8 25. fxe4 Bxh3 26. Ra3 Bxg2 27. Kxg2 Qe8 28. Bh5 1-0

[Event "NED-ch U21 Girls"]
[Site "Haarlem"]
[Date "2011.05.05"]
[Round "6"]
[White "Kazarian, Anna Maja"]
[Black "Gunther, Marcella"]
[Result "1-0"]
[WhiteElo "1750"]
[BlackElo "1940"]
[PlyCount "67"]
[EventDate "2011.04.30"]
[EventType "tourn"]
[EventRounds "9"]
[EventCountry "NED"]
[SourceTitle "EXT 2012"]
[Source "ChessBase"]
[SourceDate "2011.11.24"]
[SourceVersion "1"]
[SourceVersionDate "2011.11.24"]
[SourceQuality "1"]

1. e4 c5 2. Nf3 e6 3. d4 cxd4 4. Nxd4 Nc6 5. Be2 Qc7 6. Be3 a6 7. 0-0 Nf6 8. Nxc6 bxc6 9. Bf3 d5 10. exd5 cxd5 11. Re1 Be7 12. Nd2 0-0 13. c4 Rb8 14. Rc1 Qa5 15. Bd4 Rd8 16. c5 Re8 17. a3 Qb5 18. Be2 Qc6 19. b4 Nd7 20. f4 Bh4 21. g3 Bd8 22. Bf3 a5 23. Rb1 axb4 24. axb4 Ba6 25. Qb3 Ba5 26. Qc3 Bd8 27. Bxg7 e5 28. Bxe5 Nxe5 29. fxe5 Bg5 30. Nb3 Rbd8 31. Nd4 Qh6 32. Nf5 Qh3 33. Nd6 Re6 34. Bg2 1-0

[Event "Vlissingen HZ op 14th"]
[Site "Vlissingen"]
[Date "2010.08.09"]
[Round "4"]
[White "Gunther, Marcella"]
[Black "Van de Wynkele, Eric"]
[Result "0-1"]
[WhiteElo "1879"]
[BlackElo "2113"]
[PlyCount "74"]
[EventDate "2010.08.07"]
[EventType "swiss"]
[EventRounds "9"]
[EventCountry "NED"]
[SourceTitle "CBM 137 Extra"]
[Source "ChessBase"]
[SourceDate "2010.09.01"]
[SourceVersion "1"]
[SourceVersionDate "2010.09.01"]
[SourceQuality "1"]

1. e4 Nf6 2. e5 Nd5 3. d4 d6 4. Nf3 dxe5 5. Nxe5 c6 6. Be2 Nd7 7. Nf3 g6 8. 0-0 Bg7 9. c4 Nc7 10. Nc3 0-0 11. Be3 b6 12. Qd2 Re8 13. Rad1 Bb7 14. Bh6 Bh8 15. Ne4 Nf6 16. Neg5 Bg7 17. Ne5 Bxh6 18. Nexf7 Bxg5 19. Nxg5 Qd6 20. f4 h6 21. Qc2 Kg7 22. Ne4 Nxe4 23. Qxe4 Qe6 24. Qf3 Rf8 25. Bd3 Qf6 26. Qe4 Rad8 27. Bc2 Bc8 28. Qe3 Bf5 29. Bxf5 gxf5 30. Rfe1 Rd7 31. Rd3 Rfd8 32. Red1 Ne6 33. d5 Nc5 34. R3d2 Ne4 35. Rd4 cxd5 36. Rxd5 Rxd5 37. cxd5 Qxb2 0-1

[Event "Maastricht Limburg op-B 4th"]
[Site "Maastricht"]
[Date "2010.05.24"]
[Round "7"]
[White "Porteman, Eric"]
[Black "Gunther, Marcella"]
[Result "1-0"]
[WhiteElo "1931"]
[BlackElo "1881"]
[PlyCount "75"]
[EventDate "2010.05.21"]
[EventType "swiss"]
[EventRounds "7"]
[EventCountry "NED"]
[SourceTitle "EXT 2011"]
[Source "ChessBase"]
[SourceDate "2010.11.26"]
[SourceVersion "1"]
[SourceVersionDate "2010.11.26"]
[SourceQuality "1"]

1. c4 e5 2. Nc3 Nf6 3. g3 Nc6 4. Bg2 Be7 5. d3 0-0 6. Nf3 d6 7. 0-0 h6 8. Rb1 Be6 9. Re1 Qd7 10. b4 a6 11. a4 Bh3 12. Bh1 Ng4 13. Nd5 Bd8 14. Bd2 f5 15. Qc1 e4 16. Nf4 exf3 17. Bxf3 Nxf2 18. Kxf2 Bg4 19. Bd5+ Kh7 20. h3 g5 21. hxg4 gxf4 22. Bxf4 fxg4 23. Kg2 Qg7 24. Rh1 Rf6 25. Bxh6 Rxh6 26. Be4+ Kg8 27. Rxh6 Bg5 28. Bd5+ Kf8 29. Qf1+ Ke7 30. Re6+ Kd7 31. Qf5 Nd4 32. Qg6 Qxg6 33. Rxg6 Be7 34. Rf1 c6 35. e3 cxd5 36. exd4 dxc4 37. dxc4 Rc8 38. c5 1-0

[Event "NED-ch U21 Girls"]
[Site "Haarlem"]
[Date "2010.05.08"]
[Round "9"]
[White "Hendrix, Judith"]
[Black "Gunther, Marcella"]
[Result "0-1"]
[WhiteElo "1765"]
[BlackElo "1881"]
[PlyCount "62"]
[EventDate "2010.04.29"]
[EventType "tourn"]
[EventRounds "9"]
[EventCountry "NED"]
[SourceTitle "EXT 2011"]
[Source "ChessBase"]
[SourceDate "2010.11.26"]
[SourceVersion "1"]
[SourceVersionDate "2010.11.26"]
[SourceQuality "1"]

1. c4 Nf6 2. g3 e6 3. Bg2 d5 4. Nc3 g6 5. b3 Bg7 6. Bb2 0-0 7. d3 Re8 8. e3 c5 9. Nf3 Nc6 10. Ne2 e5 11. 0-0 b6 12. Nd2 Bb7 13. a3 Qd7 14. Qc2 Rad8 15. Rad1 Qc7 16. h3 Ne7 17. cxd5 Bxd5 18. e4 Bb7 19. Kh2 Nc6 20. f4 exf4 21. Nxf4 Nd4 22. Bxd4 Rxd4 23. Rf2 Rdd8 24. Nf3 h6 25. Rg1 Nd7 26. Rgf1 Ne5 27. Qe2 Re7 28. Kh1 Qd7 29. Ne1 Qb5 30. Nd5 Bxd5 31. exd5 Qxb3 0-1

[Event "NED-ch U21 Girls"]
[Site "Haarlem"]
[Date "2010.05.04"]
[Round "6"]
[White "Gunther, Marcella"]
[Black "Hortensius, Lisa"]
[Result "1/2-1/2"]
[WhiteElo "1881"]
[BlackElo "2057"]
[PlyCount "98"]
[EventDate "2010.04.29"]
[EventType "tourn"]
[EventRounds "9"]
[EventCountry "NED"]
[SourceTitle "EXT 2011"]
[Source "ChessBase"]
[SourceDate "2010.11.26"]
[SourceVersion "1"]
[SourceVersionDate "2010.11.26"]
[SourceQuality "1"]

1. e4 e6 2. d4 d5 3. Nc3 b6 4. e5 Bb4 5. Bd2 Qd7 6. Bb5 c6 7. Ba4 a5 8. a3 Bf8 9. Nce2 b5 10. Bb3 Qc7 11. c3 Nd7 12. Bc2 c5 13. f4 Ne7 14. Nf3 Nb6 15. 0-0 Nc6 16. Ng3 g6 17. Rb1 b4 18. axb4 axb4 19. Ra1 Rxa1 20. Qxa1 Be7 21. Rc1 Qb7 22. cxb4 cxb4 23. Bd3 0-0 24. b3 Bd7 25. Qa6 Qc7 26. Qa2 Ra8 27. Qc2 Qa7 28. Bb5 Rc8 29. Qb2 Qa3 30. Qb1 Qa5 31. Qd3 Na7 32. Bxd7 Rxc1+ 33. Bxc1 Nxd7 34. Qc2 Qb6 35. Be3 Qc6 36. Qxc6 Nxc6 37. Ne2 Na5 38. Nd2 Nb8 39. Nc1 Na6 40. Kf2 Kf8 41. Ke2 Nc7 42. Kd3 Nb5 43. Nb1 Bd8 44. Bd2 Nc6 45. Ne2 Bb6 46. Be3 Ke8 47. g4 Na5 48. Nc1 Nc6 49. Ne2 Na5 1/2-1/2

[Event "NED-ch U21 Girls"]
[Site "Haarlem"]
[Date "2010.05.01"]
[Round "3"]
[White "Gunther, Marcella"]
[Black "Tempelman, Kristianne"]
[Result "0-1"]
[WhiteElo "1881"]
[BlackElo "1928"]
[PlyCount "80"]
[EventDate "2010.04.29"]
[EventType "tourn"]
[EventRounds "9"]
[EventCountry "NED"]
[SourceTitle "EXT 2011"]
[Source "ChessBase"]
[SourceDate "2010.11.26"]
[SourceVersion "1"]
[SourceVersionDate "2010.11.26"]
[SourceQuality "1"]

1. e4 c5 2. Nf3 Nc6 3. d4 cxd4 4. Nxd4 Nf6 5. Nc3 e5 6. Ndb5 d6 7. Bg5 a6 8. Na3 b5 9. Nd5 Be7 10. Bxf6 Bxf6 11. c3 Bg5 12. Nc2 0-0 13. Be2 Rb8 14. 0-0 Be6 15. Nce3 Kh8 16. Qd3 Ne7 17. Nxe7 Qxe7 18. Rfd1 Bxe3 19. Qxe3 f5 20. exf5 Bxf5 21. Rd2 Rf6 22. a4 b4 23. Bxa6 bxc3 24. Qxc3 d5 25. Bb5 d4 26. Qc4 Rg6 27. Qe2 Qd6 28. f3 Rh6 29. g3 Bc8 30. Rc2 Bb7 31. Rac1 Rf8 32. Rf1 Rhf6 33. Qc4 Bxf3 34. Qc7 Qe6 35. Bd7 Qb3 36. Qc4 Qe3+ 37. Rcf2 Be2 38. Qxe2 Qxe2 39. Rxe2 Rxf1+ 40. Kg2 d3 0-1

[Event "Delft Prinsenstad op-B"]
[Site "Delft"]
[Date "2010.04.03"]
[Round "3"]
[White "Nobel, Corniel"]
[Black "Gunther, Marcella"]
[Result "0-1"]
[WhiteElo "1773"]
[BlackElo "1867"]
[PlyCount "100"]
[EventDate "2010.04.02"]
[EventType "swiss"]
[EventRounds "6"]
[EventCountry "NED"]
[SourceTitle "EXT 2013"]
[Source "ChessBase"]
[SourceDate "2012.11.22"]
[SourceVersion "1"]
[SourceVersionDate "2012.11.22"]
[SourceQuality "1"]

1. e4 e5 2. f4 exf4 3. Nf3 d6 4. d4 g5 5. Bc4 Bg7 6. 0-0 Bg4 7. c3 Nc6 8. Qb3 Na5 9. Bxf7+ Kf8 10. Qd5 c6 11. Qxg5 Bxf3 12. Qxf4 Qf6 13. Rxf3 Qxf4 14. Rxf4 Bh6 15. Rf1 Bxc1 16. Bh5+ Nf6 17. Rxf6+ Kg7 18. Rf7+ Kh6 19. Nd2 Bxd2 20. g4 Rhf8 21. Raf1 Rxf7 22. Rxf7 Rb8 23. Rf6+ Kg7 24. Rxd6 Nc4 25. Rd7+ Kh6 26. e5 Ne3 27. h3 Nd5 28. Bf7 Nb6 29. Rc7 Bg5 30. b3 Bd8 31. e6 Bxc7 32. e7 Nd5 33. e8Q Rxe8 34. Bxe8 Nxc3 35. Kf2 Nxa2 36. Ke3 Kg5 37. Bf7 Nb4 38. Ke4 b5 39. Be8 a5 40. d5 cxd5+ 41. Kd4 Bb6+ 42. Kc3 Kh4 43. Bxb5 Kxh3 44. Bd7 Kg3 45. Bf5 h6 46. Bd7 Kf3 47. Bf5 Ke3 48. Bg6 d4+ 49. Kb2 d3 50. g5 hxg5 0-1

[Event "Enschede op-B U16"]
[Site "Enschede"]
[Date "2009.08.04"]
[Round "2"]
[White "Van Osch, Mees"]
[Black "Gunther, Marcella"]
[Result "1-0"]
[WhiteElo "1776"]
[BlackElo "1889"]
[PlyCount "73"]
[EventDate "2009.08.03"]
[EventType "swiss"]
[EventRounds "9"]
[EventCountry "NED"]
[SourceTitle "CBM 132 Extra"]
[Source "ChessBase"]
[SourceDate "2009.11.03"]
[SourceVersion "1"]
[SourceVersionDate "2009.11.03"]
[SourceQuality "1"]

1. e4 e5 2. Nf3 Nc6 3. c3 Nf6 4. d4 exd4 5. e5 Nd5 6. cxd4 d6 7. Bb5 Be7 8. Nc3 Nxc3 9. bxc3 0-0 10. 0-0 Bg4 11. Bxc6 bxc6 12. Re1 d5 13. Qd3 c5 14. h3 Be6 15. Nh2 Qd7 16. Qg3 Kh8 17. h4 cxd4 18. cxd4 c5 19. Nf3 h6 20. Ba3 c4 21. Bxe7 Qxe7 22. Qf4 Rab8 23. g4 Qd7 24. g5 h5 25. Qg3 Bf5 26. e6 fxe6 27. Ne5 Qa4 28. g6 Rb2 29. Qg5 Kg8 30. Qxh5 Bxg6 31. Qxg6 Rfxf2 32. Qxe6+ Kh7 33. Qg6+ Kg8 34. Ng4 Rfe2 35. Rxe2 Rxe2 36. Rf1 Qc2 37. Nh6+ 1-0

[Event "NED-ch U17 Girls"]
[Site "Venlo"]
[Date "2009.05.01"]
[Round "8"]
[White "Gunther, Marcella"]
[Black "Snikkers, Naomi"]
[Result "1-0"]
[WhiteElo "1771"]
[BlackElo "1830"]
[PlyCount "97"]
[EventDate "2009.04.24"]
[EventType "tourn"]
[EventRounds "9"]
[EventCountry "NED"]
[SourceTitle "EXT 2013"]
[Source "ChessBase"]
[SourceDate "2012.11.22"]
[SourceVersion "1"]
[SourceVersionDate "2012.11.22"]
[SourceQuality "1"]

1. e4 c5 2. Nf3 d6 3. d4 cxd4 4. Nxd4 Nf6 5. Nc3 g6 6. Be3 Bg7 7. f3 0-0 8. Qd2 Nc6 9. Bc4 Bd7 10. 0-0-0 Qa5 11. Bb3 Rfc8 12. h4 Ne5 13. g4 Nc4 14. Bxc4 Rxc4 15. h5 Rac8 16. Nb3 Qa6 17. hxg6 fxg6 18. e5 Ne8 19. Qh2 Ba4 20. Qxh7+ Kf7 21. Bd4 dxe5 22. Bxe5 Nf6 23. Qh2 Bxb3 24. axb3 R4c5 25. Qf4 Kg8 26. Rhe1 b5 27. b4 Rc4 28. Qg5 Kf7 29. Kb1 Qb7 30. f4 Qf3 31. f5 gxf5 32. Bxf6 Bxf6 33. Qh5+ Kf8 34. Qh6+ Bg7 35. Qe6 Bf6 36. gxf5 Rxc3 37. Rg1 Bg7 38. f6 Qxf6 39. Rdf1 Rf3 40. Rxf3 Qxf3 41. Qxc8+ Kf7 42. Qg4 Qf6 43. c3 a6 44. Qh5+ Kf8 45. Qg6 e5 46. Qxf6+ Bxf6 47. Kc2 Ke7 48. Ra1 Bg5 49. Rxa6 1-0

[Event "NED-ch U17 Girls"]
[Site "Venlo"]
[Date "2009.04.24"]
[Round "1"]
[White "Gunther, Marcella"]
[Black "Warmelink, Evie"]
[Result "0-1"]
[WhiteElo "1771"]
[BlackElo "2031"]
[PlyCount "88"]
[EventDate "2009.04.24"]
[EventType "tourn"]
[EventRounds "9"]
[EventCountry "NED"]
[SourceTitle "EXT 2013"]
[Source "ChessBase"]
[SourceDate "2012.11.22"]
[SourceVersion "1"]
[SourceVersionDate "2012.11.22"]
[SourceQuality "1"]

1. e4 c5 2. Nf3 d6 3. d4 cxd4 4. Nxd4 Nf6 5. Nc3 e6 6. Be3 Be7 7. Be2 Nc6 8. Qd2 0-0 9. 0-0-0 a6 10. f3 Qc7 11. g4 b5 12. Rdg1 b4 13. Nd1 Nxd4 14. Bxd4 e5 15. Be3 Be6 16. Kb1 a5 17. h4 a4 18. Bd3 Rfb8 19. h5 b3 20. cxb3 axb3 21. a3 d5 22. g5 Ne8 23. exd5 Bxd5 24. g6 Nf6 25. Qg2 fxg6 26. hxg6 h6 27. Bxh6 Bc4 28. Bf5 gxh6 29. Rxh6 e4 30. Nc3 Bd3+ 31. Kc1 Qf4+ 32. Qd2 Qxd2+ 33. Kxd2 Rd8 34. Ke1 exf3 35. Bxd3 Rxd3 36. g7 Kf7 37. Rh8 Rg8 38. a4 f2+ 39. Kxf2 Bc5+ 40. Ke2 Rxc3 41. bxc3 Bxg1 42. Rxg8 Kxg8 43. Kd3 Nd7 44. a5 Ba7 0-1